| 000 | 00852nam a2200157Ia 4500 | ||
|---|---|---|---|
| 008 | 100122s9999 xx 000 0 und d | ||
| 082 |
_b60628 _a922.945 |
||
| 100 | _aचिन्मयानंद | ||
| 245 | _aचिरंतन गुरु : स्वामी चिन्मयानंदांचे स्फूर्तीदायक चरित्र | ||
| 260 |
_bचिन्मय मिशन _c2001 |
||
| 300 | _a98 | ||
| 630 | _aचिरंतन गुरु : स्वामी चिन्मयानंदांचे स्फूर्तीदायक चरित्र | ||
| 700 | _aराधिका कृष्णकुमार | ||
| 730 | _aचिरंतन गुरु : स्वामी चिन्मयानंदांचे स्फूर्तीदायक चरित्र | ||
| 942 | _cBOOK | ||
| 999 |
_c435770 _d435767 |
||